| 000 | 01492nab a22002417a 4500 | ||
|---|---|---|---|
| 999 |
_c6342 _d6342 |
||
| 003 | OSt | ||
| 005 | 20260130220347.0 | ||
| 008 | 190603e xxum|||| |||| 00| 0 spa d | ||
| 040 | _cPJ | ||
| 100 |
_96321 _aVan Thienen, P. Augusto |
||
| 245 | 1 | 3 |
_aGarantía sobre propias acciones : _b¿por qué no? (Despejando la "x" del art. 222 LGS) / _cAugusto Van Thienen. |
| 260 |
_cCiudad Autónoma de Buenos Aires : _aThomson Reuters La Ley, _b2025. |
||
| 300 | _ap. 247-256 | ||
| 500 | _aCita: TR LALEY AR/DOC/2273/2025 Publicado en: RCCyC 2025 (Octubre). | ||
| 505 | _aSumario: I. Introducción.— II. Contexto actual de la prohibición.— III. Función de la prohibición y supletoriedad normativa.— IV. Repensando el art. 222 LGS.— V. Garantía sobre acciones propias: ¿por qué no?— VI. La garantía desde la perspectiva del conflicto de interés.— VII. La "prohibición" solo devenga responsabilidad.— VIII. Fideicomiso de garantía sobre acciones propias.— IX. La prenda de acciones en el Cód. Civ. y Com.— X. Mis conclusiones. | ||
| 505 | _t¿Te interesa el texto completo? Solicitalo al correo: koha@justierradelfuego.gov.ar | ||
| 650 | 0 |
_91497 _aCODIGO CIVIL Y COMERCIAL |
|
| 650 | 0 |
_9646 _aSOCIEDADES COMERCIALES |
|
| 650 | 0 |
_91625 _aSOCIEDAD ANONIMA |
|
| 650 | 0 |
_91651 _aACCIONES SOCIETARIAS |
|
| 773 | 0 |
_02713 _93170 _dCiudad Autónoma de Buenos Aires : Thomson Reuters La Ley, 2015- _tRevista Código Civil y Comercial. Nº 5 - Octubre 2025 |
|
| 942 |
_2udc _cANA |
||